Statistics for Premier League Teams 2002-03

Click here to take the quiz!

General Stats

  • This quiz has been taken 81 times
  • The average score is 17 of 20

Answer Stats

PositionTeam% Correct
2Arsenal
100%
4Chelsea
100%
CManchester United
100%
5Liverpool
99%
7Everton
96%
9Manchester City
96%
3Newcastle United
96%
10Tottenham Hotspur
94%
16Aston Villa
91%
RSunderland
88%
15Leeds United
87%
8Southampton
85%
14Fulham
84%
RWest Ham United
84%
6Blackburn Rovers
81%
17Bolton Wanderers
75%
RWest Bromwich Albion
75%
13Birmingham City
74%
11Middlesbrough
72%
12Charlton Athletic
65%

Score Distribution

Percentile by Number Answered

Percent of People with Each Score

Your Score History

You have not taken this quiz